Modern house 2 / (Record no. 353262)
[ view plain ]
| 000 -LEADER | |
|---|---|
| fixed length control field | 00777 a2200253 4500 |
| 003 - CONTROL NUMBER IDENTIFIER | |
| control field | OSt |
| 005 - DATE AND TIME OF LATEST TRANSACTION | |
| control field | 20180116192400.0 |
| 008 - FIXED-LENGTH DATA ELEMENTS--GENERAL INFORMATION | |
| fixed length control field | 120622t xxu||||| |||| 00| 0 eng d |
| 010 ## - LIBRARY OF CONGRESS CONTROL NUMBER | |
| LC control number | 2005274876 |
| 020 ## - INTERNATIONAL STANDARD BOOK NUMBER | |
| International Standard Book Number | 0714843814 |
| 020 ## - INTERNATIONAL STANDARD BOOK NUMBER | |
| International Standard Book Number | 9780714843810 |
| 035 ## - SYSTEM CONTROL NUMBER | |
| System control number | (OCoLC)ocm53872284 |
| 040 ## - CATALOGING SOURCE | |
| Transcribing agency | 0 |
| 082 04 - DEWEY DECIMAL CLASSIFICATION NUMBER | |
| Classification number | 728 |
| 100 1# - MAIN ENTRY--PERSONAL NAME | |
| Personal name | Melhuish, Clare. |
| 9 (RLIN) | 4891 |
| 245 10 - TITLE STATEMENT | |
| Title | Modern house 2 / |
| Statement of responsibility, etc. | Clare Melhuish. |
| 260 ## - PUBLICATION, DISTRIBUTION, ETC. | |
| Place of publication, distribution, etc. | London ; |
| -- | New York : |
| Name of publisher, distributor, etc. | Phaidon Press, |
| Date of publication, distribution, etc. | 2004. |
| 300 ## - PHYSICAL DESCRIPTION | |
| Extent | 240 p. : |
| Other physical details | ill. (chiefly col.) ; |
| Dimensions | 29 cm. |
| 500 ## - GENERAL NOTE | |
| General note | Originally published: 2000. |
| 650 10 - SUBJECT ADDED ENTRY--TOPICAL TERM | |
| Topical term or geographic name entry element | Architecture, Domestic. |
| 9 (RLIN) | 4892 |
| 650 10 - SUBJECT ADDED ENTRY--TOPICAL TERM | |
| Topical term or geographic name entry element | Architecture, Modern |
| Chronological subdivision | 20th century. |
| 9 (RLIN) | 4893 |
| 942 ## - ADDED ENTRY ELEMENTS (KOHA) | |
| Institution code [OBSOLETE] | SADA |
| Koha item type | Book |
| Call number prefix | 728 MEL 2004 |
| Source of classification or shelving scheme | |
| Withdrawn status | Lost status | Source of classification or shelving scheme | Damaged status | Not for loan | Permanent Location | Current Location | Date acquired | Total Checkouts | Total Renewals | Full call number | Barcode | Date last seen | Date last checked out | Copy number | Cost, replacement price | Price effective from | Koha item type | Source of acquisition |
|---|---|---|---|---|---|---|---|---|---|---|---|---|---|---|---|---|---|---|
| School of Art Design and Architecture (SADA) | School of Art Design and Architecture (SADA) | 06/28/2011 | 6 | 1 | 728 MEL 2004 | SADA0001395 | 02/13/2013 | 02/11/2013 | 01 | 2207.00 | 08/05/2011 | Book | ||||||
| School of Art Design and Architecture (SADA) | School of Art Design and Architecture (SADA) | 01/05/2017 | 728 MEL 2004 | SADA0002676 | 02/15/2024 | 02 | 1132.17 | 02/15/2024 | Book | S.A.Rehman |
